Mesa redonda sobre terapéutica y rehabilitación del enfermo psicótico crónico. Clínica Mental Sta. Coloma de Gramanet (Dr. D. Parellada). Barcelona, 20 y 21 de octubre de 1972
Descripción Física:
252 p. ; 28 cm
MARC
| LEADER | 00000nam a2200000Ia 4500 | ||
|---|---|---|---|
| 001 | 12266 | ||
| 008 | 160829s9999 xx 000 0 cat d | ||
| 080 | |a C-1-168 | ||
| 245 | |a Mesa redonda sobre terapéutica y rehabilitación del enfermo psicótico crónico. Clínica Mental Sta. Coloma de Gramanet (Dr. D. Parellada). Barcelona, 20 y 21 de octubre de 1972 | ||
| 260 | |a [S.l.] : |b [s.n.], [1972?] | ||
| 300 | |a 252 p. ; |c 28 cm | ||
| 590 | |a Prové de A-675 | ||
| 650 | |a Malalts mentals |x Cura |9 41829 | ||
| 650 | |a Malalts mentals |x Rehabilitació |9 41830 | ||
| 710 | 2 | |a Centres Assistencials Dr. Emili Mira i López |9 52938 | |
| 901 | |a Arxiu | ||
| 942 | |n 1 | ||
| 952 | |0 0 |1 0 |4 0 |6 C1168 |7 1 |9 54564 |a Arxiu |b Arxiu |d 2016-12-01 |l 0 |o C-1-168 |p 12266 |r 2016-12-01 00:00:00 |w 2016-12-01 |y ARXIU | ||
| 999 | |c 58433 |d 58433 | ||